[Event "IND-ch U17 Girls"]
[Site "Saravanampatty"]
[Date "2017.10.25"]
[Round "2"]
[White "Arpita, Mukherjee"]
[Black "Mishra, Riya"]
[Result "1-0"]
[WhiteElo "2210"]
[BlackElo "1543"]
[PlyCount "79"]
[EventDate "2017.10.24"]
[EventType "swiss"]
[EventRounds "11"]
[EventCountry "IND"]
[SourceTitle "CBM 181 Extra"]
[Source "ChessBase"]
[SourceDate "2017.12.12"]
[SourceVersion "1"]
[SourceVersionDate "2017.12.12"]
[SourceQuality "1"]

1. e4 e5 2. Nf3 Nc6 3. Bb5 a6 4. Ba4 Nf6 5. Qe2 b5 6. Bb3 Be7 7. 0-0 d6 8. c3 Na5 9. Bc2 c5 10. d4 Nc6 11. d5 Nb8 12. Rd1 Bg4 13. h3 Bh5 14. Nbd2 Nbd7 15. Nf1 0-0 16. Ng3 Bg6 17. Nh4 Ne8 18. Nhf5 Nef6 19. a4 b4 20. a5 bxc3 21. bxc3 Re8 22. Ba4 Bf8 23. Bg5 Ra7 24. Bxf6 gxf6 25. h4 Bxf5 26. Nxf5 Kh8 27. Qg4 c4 28. Re1 Bh6 29. Nxh6 Qe7 30. Re3 Rd8 31. Rg3 Qf8 32. Qh5 Nc5 33. Rg8+ Qxg8 34. Nxg8 Rxg8 35. Qf5 Nd3 36. Qxf6+ Rg7 37. h5 Ra8 38. h6 Rag8 39. Rb1 Nf4 40. hxg7+ 1-0